000
00342nam a2200145Ia 4500
005
20250325041244.0
008
240331s9999 xx 000 0 und d
082
_b
MAN
_a
894
100
_a
Manisekaran,S
245
0
_a
Kandari
260
_a
Chennai
_b
Kangai Book shop
_c
1997
300
_a
215 p .,
500
_a
Sarithira Sirukadhai
942
_c
L
999
_c
4043
_d
4043